| Tag |
First Indicator |
Second Indicator |
Subfields |
| LEADER |
00000pam a2200000 4500 |
| 001 |
in00000246764 |
| 005 |
20151010051144.0 |
| 008 |
720620c19721939nyua 00000 eng |
| 010 |
|
|
|a 72002847
|
| 020 |
|
|
|a 0405045131
|
| 035 |
|
|
|a (OCoLC)00347871
|
| 035 |
|
|
|9 ABB4490AM
|
| 040 |
|
|
|a DLC
|c DLC
|d TXA
|d UtOrBLW
|
| 043 |
|
|
|a n-us---
|
| 049 |
|
|
|a TXAM
|c [925314]
|
| 050 |
0 |
0 |
|a E160
|b .J25 1972
|
| 082 |
0 |
|
|a 333.7/8/0973
|
| 100 |
1 |
|
|a James, Harlean,
|d 1877-
|
| 245 |
1 |
0 |
|a Romance of the national parks.
|
| 264 |
|
1 |
|a New York :
|b Arno Press,
|c 1972
|
| 264 |
|
4 |
|c [©1939]
|
| 300 |
|
|
|a xiv, 240 pages :
|b illustrations ;
|c 27 cm.
|
| 336 |
|
|
|a text
|b txt
|2 rdacontent
|
| 337 |
|
|
|a unmediated
|b n
|2 rdamedia
|
| 338 |
|
|
|a volume
|b nc
|2 rdacarrier
|
| 490 |
1 |
|
|a Use and abuse of America's natural resources
|
| 650 |
|
0 |
|a National parks and reserves
|z United States.
|
| 830 |
|
0 |
|a Use and abuse of America's natural resources.
|
| 999 |
|
|
|a MARS
|
| 999 |
f |
f |
|s b8f1c1f8-a795-3620-85a4-569f971d1dd7
|i 99faef9e-a3c5-3372-ba4d-60a8d30aa7cf
|t 0
|
| 952 |
f |
f |
|p ric
|a Texas A&M University
|b Rellis Campus
|c Joint Library Facility
|d Remote Storage
|t 0
|e E160 .J25 1972
|h Library of Congress classification
|i unmediated -- volume
|m A14802150769
|
| 998 |
f |
f |
|a E160 .J25 1972
|t 0
|l Remote Storage
|